00677nam a2200169 a 4500008004100000050001700041100003300058245006600091260003200157300001000189350000900199650001400208650004000222995009500262999001700357952013300374120416s1966 ||||||||||||||||| || u aHC 106.5 Col aColeman, John Rayston, 1921-14aThe changing American economycedited by John Rayston Coleman aNew YorkbBasic Booksc1966 a293p. a0.00 0aECONOMICS aECONOMIC INNOVATIONS--UNITED STATES D0.00FCBU-MAIN LIBRARY (Kitwe)H1I0.00M1UAVAILABLEZMain Library Open Access Collection c37071d37071 00102lcc4070a001b001cMain Library Open Access Collectiond2022-11-30l0oHC 106.5 Colp002454r2022-11-30w2022-11-30y002